| 000 | 01363nam a22003617a 4500 | ||
|---|---|---|---|
| 003 | CHAP | ||
| 005 | 20220329133839.0 | ||
| 008 | 971013s1972 r 00010 d | ||
| 010 | _a11736 | ||
| 011 | _a12708 | ||
| 035 | _a16220 | ||
| 040 | _cCHAP | ||
| 090 | _aTesis | ||
| 100 | 0 | 0 |
_aZepeda Aréchiga, Hermilo. _9123910 |
| 245 | _aEfecto de la densidad de población y la fertilización nitrogenada sobre el rendimiento y algunas características del algodonero en el Distrito de Riego No. 75, Valle del Río Fuerte | ||
| 260 |
_aChapingo, Méx. : _bEl autor, _c1972 |
||
| 300 | _a97 h. | ||
| 502 | _aTesis (Ing. Agrónomo Especialsita en Suelos) -- ENA. Departamento de Suelos | ||
| 590 |
_aALEPH _b10 _c20130110 _lUCH01 _h1229 |
||
| 590 |
_aBATCH-UPD _b10 _c20130110 _lUCH01 _h0005 |
||
| 590 |
_aBATCH-UPD _b10 _c20130409 _lUCH01 _h1940 |
||
| 590 |
_aBATCH-UPD _b10 _c20130914 _lUCH01 _h1208 |
||
| 590 |
_aCONVERSION _b10 _c20130109 _lUCH01 _h1308 |
||
| 650 | 1 | 4 |
_aDistrito de Riego El Fuerte, Sin. _932887 |
| 650 | 1 | 4 |
_aFertilizantes para algodón. _940601 |
| 650 | 1 | 4 |
_aNitrógeno _xEfecto en algodón. _981407 |
| 901 | _aBK | ||
| 942 | _cFOLL | ||
| 949 |
_bBC _cTES _d-154068 _eTS1 _i16220 _si |
||
| 949 |
_bBC _cTES _d33724000597670 _eTS2 _fc.2 _i16220 _si |
||
| 949 |
_bBC _cTES _d33724000597688 _eTS2 _fc.3 _i16220 _si |
||
| 949 |
_bS _cTESBD _d-28441 _eTS1 _i16220 _si |
||
| 999 |
_c11736 _d11736 |
||